Liberal Democrat MPs (Pre-2024 Election) - Statistics

General Stats
  • This quiz has been taken 27 times
  • The average score is 9 of 15
Answer Stats
Seat First Elected Answer % Correct
Kingston and Surbiton 1997 Ed Davey
100%
Westmorland and Lonsdale 2005 Tim Farron
88%
St Albans 2019 Daisy Cooper
83%
Oxford West and Abingdon 2017 Layla Moran
83%
Orkney and Shetland 2001 Alistair Carmichael
67%
Bath 2017 Wera Hobhouse
67%
Richmond Park 2016 (By-Election) Sarah Olney
63%
Caithness, Sutherland and Easter Ross 2017 Jamie Stone
54%
Twickenham 2019 Munira Wilson
50%
Edinburgh West 2017 Christine Jardine
46%
North East Fife 2019 Wendy Chamberlain
46%
Chesham and Amersham 2021 (By-Election) Sarah Green
42%
Tiverton and Honiton 2022 (By-Election) Richard Foord
33%
Somerton and Frome 2023 (By-Election) Sarah Dyke
33%
North Shropshire 2021 (By-Election) Helen Morgan
29%
No matching quizzes found
Score Distribution
Percent of People with Each Score
Percentile by Number Answered
Your Score History
You have not taken this quiz